000 00678nam a2200229Ia 4500
003 GCL
008 140319s9999 xx 000 0 ara d
040 _aGCL /
_cGCL
082 0 4 _a410
_bم ل
100 1 _aمحمد عبدالرحيم عدس
245 1 0 _aاللغة العربية الثقافة العامة /
_cمحمد عبدالرحيم عدس
260 _a[S.N] :
_bدار الفلسفة ،
_c1994
300 _a168 ص
490 _a
650 0 4 _aالنحو
650 0 4 _aالاشتقاق
650 0 4 _aاللغة العربية
650 0 4 _aالصرف
650 0 4 _aالقراءة
650 0 4 _aقواعد الاملاء والهجاء
942 _2ddc
_cBK
999 _c27634
_d27634